000 01101nam2a2200229 4500
001 RU\NLR\BIBL_A\010582418
005 20250614074652.0
021 _aRU
_b2014-84060
_95110
035 _a(NLR Aleph) 010582418
090 _a10467077
_c10467077
100 _a20150113d2014 |||y0rusy50 ca
101 0 _arus
_aeng
102 _aRU
105 _ay j 000yy
200 0 _aP. 2
210 _d2014
_aБ. м.
215 _a51 с.
461 0 _1001RU\NLR\BIBL_A\010783613
_12000#$aStudy English$eучебно-методическое пособие по дисциплине "Английский язык"$f[Г. И. Степанова, Д. В. Федорова]$vP. 2
_910080537
_cКурск
_d2014
_f[Г. И. Степанова, Д. В. Федорова]
_nИзд-во Курской государственной сельскохозяйственной академии
_oучебно-методическое пособие по дисциплине "Английский язык"
_tStudy English
_vP. 2
942 _cBOOK
980 _aNB